| 000 -LEADER |
| fixed length control field |
00843cam a2200205 a 4500 |
| 001 - CONTROL NUMBER |
| control field |
16143950 |
| 005 - DATE AND TIME OF LATEST TRANSACTION |
| control field |
20220929111423.0 |
| 008 - FIXED-LENGTH DATA ELEMENTS--GENERAL INFORMATION |
| fixed length control field |
100305s2015 paua b 001 0 eng |
| 041 ## - LANGUAGE CODE |
| Language code of text/sound track or separate title |
eng |
| 080 ## - UNIVERSAL DECIMAL CLASSIFICATION NUMBER |
| Universal Decimal Classification number |
616.053 F-23 |
| 245 00 - TITLE STATEMENT |
| Title |
Fanaroff and Martin's neonatal-perinatal medicine : |
| Remainder of title |
Volume 1. Diseases of the fetus and infant / |
| Statement of responsibility, etc. |
[edited by] Richard J. Martin, Avroy A. Fanaroff, Michele C. Walsh. |
| 250 ## - EDITION STATEMENT |
| Edition statement |
10th ed. |
| 264 ## - PRODUCTION, PUBLICATION, DISTRIBUTION, MANUFACTURE, AND COPYRIGHT NOTICE |
| Place of production, publication, distribution, manufacture |
Philadelphia : |
| Name of producer, publisher, distributor, manufacturer |
Saunders/Elsevier, |
| Date of production, publication, distribution, manufacture, or copyright notice |
2015. |
| 300 ## - PHYSICAL DESCRIPTION |
| Extent |
2 v. (1840. lx, [lx] p.) : |
| Other physical details |
ill. ; |
| Dimensions |
29 cm. |
| 653 ## - INDEX TERM--UNCONTROLLED |
| keyword |
პერინატალური მედიცინა |
| 700 1# - ADDED ENTRY--PERSONAL NAME |
| Personal name |
Martin, Richard J. |
| Relator term |
რედაქტორი |
| 9 (RLIN) |
8537 |
| 700 1# - ADDED ENTRY--PERSONAL NAME |
| Personal name |
Fanaroff, Avroy A. |
| Relator term |
რედაქტორი |
| 9 (RLIN) |
8538 |
| 700 1# - ADDED ENTRY--PERSONAL NAME |
| Personal name |
Walsh, Michele C. |
| Relator term |
რედაქტორი |
| 9 (RLIN) |
8539 |
| 942 ## - ADDED ENTRY ELEMENTS (KOHA) |
| Source of classification or shelving scheme |
|
| Koha item type |
წიგნი |